000 00570nam a22001937a 4500
003 BD-DhJNU
005 20250616055639.0
008 250616b |||||||| |||| 00| 0 eng d
040 _aBD-DhJNU
_bENG
_cBD-DhJNU
_dBD-DhJNU
082 _223
_a320.903 MAH
100 _aMahajan, Vidya Dhar
245 _aRecent political thought /
_cVidya Dhar Mahajan
250 _a7th ed
260 _aNew Delhi :
_bS. Chand & Company,
_c1990.
300 _ax, 615p. :
_bill. ;
_c23 cm.
504 _aIncludes bibliography and index
650 _aPolitical science
942 _2ddc
_cBK
_n0
999 _c1772
_d1772